| 000 | 004190000a22001690004500 | ||
|---|---|---|---|
| 003 | MACL | ||
| 005 | 20160102152839.0 | ||
| 008 | 160102b xxu||||| |||| 00| 0 eng d | ||
| 040 |
_aMACL _cMACL |
||
| 041 | _aEnglish | ||
| 082 | _a649/NOY | ||
| 100 |
_aNoyes, Anna G _927276 |
||
| 245 | _aHow I Kept My Baby Well | ||
| 260 |
_bWarwick & york _c1913 _aU.S.A |
||
| 650 |
_aFamily Living _96906 |
||
| 942 |
_cBK _k649/NOY _2ddc |
||
| 999 |
_c37407 _d37407 |
||